Diccionario bilingüe de términos bursátiles = Bilingual Securities Dictionary /
Guardado en:
| Autor principal: | |
|---|---|
| Formato: | Libro |
| Idioma: | Español |
| Publicado: |
Chicago, EUA :
Dearborn Financial Institute,
1999, c1999
|
| Temas: | |
| Etiquetas: |
Sin etiquetas, Sé el primero en etiquetar este registro!
|
MARC
| LEADER | 00000nam^a2200000^a^4500 | ||
|---|---|---|---|
| 001 | 000120610 | ||
| 005 | 20250521000000.0 | ||
| 009 | 20260310094358.617 | ||
| 020 | |a 0-7931-3006-9 | ||
| 037 | |a Acervo ITESO - Biblioteca | ||
| 041 | |a ESP | ||
| 082 | |a 332. 64203 |b KIS | ||
| 100 | |a Kiser, Karin N. |e (dir. editorial) | ||
| 245 | 1 | 0 | |a Diccionario bilingüe de términos bursátiles = |b Bilingual Securities Dictionary / |c Dir. editorial de K.N. Kiser. |
| 264 | 4 | |a Chicago, EUA : |b Dearborn Financial Institute, |c 1999, c1999 | |
| 300 | |a 526 p. | ||
| 336 | |a texto |b txt |2 rdacontenido | ||
| 337 | |a sin mediación |b n |2 rdamedio | ||
| 338 | |a volumen |b nc |2 rdasoporte | ||
| 546 | |a Edición bilingüe español-inglés | ||
| 649 | |a XX | ||
| 650 | |a Mercado de Valores - |x Enciclopedias y Diccionarios - |x Tema Principal | ||
| 650 | |a Sistema Financiero - |x Enciclopedias y Diccionarios | ||
| 650 | |a Finanzas - |x Enciclopedias y Diccionarios | ||
| 650 | |a Economía - |x Enciclopedias y Diccionarios | ||
| 650 | |a Inglés-Español - |x Enciclopedias y Diccionarios | ||
| 650 | |a Enciclopedias y Diccionarios Bilingües | ||
| 910 | |a Fondo General | ||
| 920 | |a Impresos - Libros | ||
| 930 | |a Obras de Referencia | ||
| 905 | |a 102 | ||
| 901 | |a 0500055103 |b IT2 |c REF |u 20250521 | ||
| 902 | |a https://opac.biblio.iteso.mx/vufind/Record/000120610 | ||